O živote a diele M.V. Lomonosova : (k 190. výročiu smrti M.V. Lomonosova, dňa 15.4.1765).
Uložené v:
| Médium: | Kniha |
|---|---|
| Jazyk: | Slovak |
| Vydané: |
Bratislava :
Svet socializmu,
1955.
|
| Vydanie: | 1. vyd. |
| Edícia: | Poznávame Sovietskij sväz ;
č. 3 |
| ISBN: |
(brož.) |
| Fyzický popis: |
27 s. ; 8°. |
| Tagy: |
Pridať tag
Žiadne tagy, Buďte prvý kto otaguje tento záznam!
|
Titul je dostupný aj v ... 

MARC
| LEADER | 00000nam a22000001 4500 | ||
|---|---|---|---|
| 001 | 000136498 | ||
| 005 | 20100102150804.0 | ||
| 008 | 030319s1955 xo slo d | ||
| 020 | |a (brož.) | ||
| 040 | |a SVKKK |b slo |c SVKKK |e AACR2 | ||
| 041 | 0 | |a slo | |
| 044 | |a xo |c SK | ||
| 245 | 0 | 0 | |a O živote a diele M.V. Lomonosova : |b (k 190. výročiu smrti M.V. Lomonosova, dňa 15.4.1765). |
| 250 | |a 1. vyd. | ||
| 260 | |a Bratislava : |b Svet socializmu, |c 1955. | ||
| 300 | |a 27 s. ; |c 8°. | ||
| 490 | 1 | |a Poznávame Sovietskij sväz ; |v č. 3 | |
| 500 | |a Pre referentov SČSP | ||
| 830 | 0 | |a Poznávame Sovietskij sväz ; |v č. 3 | |
| 910 | |a svkkk | ||
| 998 | |a BK | ||
| 090 | |g SCKHL |k Sklad Pribinova 2. posch. |a III.23459 |j 108799 |i 2720366112 |s Prezenčne | ||